Teoría de la Constitución
Wedi'i Gadw mewn:
| Prif Awdur: | |
|---|---|
| Fformat: | Llyfr |
| Iaith: | Sbaeneg |
| Cyhoeddwyd: |
Santiago
Universidad Nacional Andres Bello
1990
|
| Rhifyn: | 2a. ed |
| Cyfres: | Cuadernos Universitarios. Serie Manuales, 2
|
| Pynciau: | |
| Tagiau: |
Ychwanegu Tag
Dim Tagiau, Byddwch y cyntaf i dagio'r cofnod hwn!
|
MARC
| LEADER | 00000cam a2200000 a 4500 | ||
|---|---|---|---|
| 001 | UCV2602 | ||
| 003 | CL-VaPUC | ||
| 008 | 920904e19900000CL |||||||||||||||||spa|d | ||
| 082 | 0 | 4 | |a 342 |b CUM |2 21 |
| 100 | 0 | |a Cumplido Cereceda, Francisco |e author |9 296870 | |
| 245 | 1 | 0 | |a Teoría de la Constitución |
| 250 | |a 2a. ed | ||
| 300 | |a 315 p | ||
| 942 | |c BK | ||
| 945 | |d 19920904 00:00:00 | ||
| 260 | |a Santiago |b Universidad Nacional Andres Bello |c 1990 | ||
| 600 | 0 | 7 | |a CONSTITUCION POLITICA DE 1925 |2 CL-VaPUC |9 255168 |
| 600 | 0 | 7 | |a CONSTITUCION POLITICA DE 1980 |2 CL-VaPUC |9 255131 |
| 650 | 0 | |a Reformas constitucionales |9 255169 | |
| 651 | 7 | |a CHILE |2 CL-VaPUC |9 296872 | |
| 583 | |a last modification |c 20160620 02:32:38 |k Rodrigo Vera | ||
| 490 | 0 | |a Cuadernos Universitarios. Serie Manuales, 2 | |
| 999 | |c 210131 |d 210129 | ||
| 952 | |0 0 |1 0 |4 0 |6 342_000000000000000_CUM_1990 |7 0 |8 A |9 186170 |a BIBDER |b BIBDER |d 2019-11-14 |i 2536307 |o 342 CUM 1990 |p 2536307 |r 2023-01-25 |w 2019-11-14 |y BK |k DER | ||
| 952 | |0 0 |1 0 |3 erb |4 0 |6 342_000000000000000_CUM_1990 |7 0 |8 A |9 186171 |a FDOHBE |b FDOHBE |e Huesbe Llanos, Marco Antonio, 1934- |i 5309816 |o 342 CUM 1990 |p 5309816 |r 2024-01-30 |w 2019-11-14 |y BK |z Catalogado en:20160623 |k HBE | ||